Statistics for Los Angeles Lakers Roster (2022-23 Season)

Click here to take the quiz!

General Stats

  • This quiz has been taken 15 times
    (14 since last reset)
  • The average score is 15 of 26

Answer Stats

Jersey #PositionAnswer% Correct
3PFAnthony Davis
100%
15SGAustin Reaves
100%
6SFLebron James
100%
17PGDennis Schröder
89%
0PGRussell Westbrook
89%
1PGD'Angelo Russell
78%
5SGMalik Beasley
78%
28PFRui Hachimura
78%
2PFJarred Vanderbilt
67%
95SFJuan Toscano-Anderson
67%
31CThomas Bryant
67%
10SGMax Christie
56%
21PGPatrick Beverly
56%
7SFTroy Brown Jr.
56%
35PFWenyen Gabriel
56%
30CDamian Jones
44%
12PGKendrick Nunn
44%
4SGLonnie Walker IV
44%
12CMo Bamba
44%
14PGScotty Pippen Jr.
44%
0SGShaquille Harrison
33%
9SFSterling Brown
33%
11SGDavon Reed
22%
37SFMatt Ryan
22%
9CTristan Thompson
22%
20SFCole Swider
11%

Score Distribution

Percentile by Number Answered

Percent of People with Each Score

Your Score History

You have not taken this quiz since the last reset